| 000 | 01254nam a22003617a 4500 | ||
|---|---|---|---|
| 003 | CHAP | ||
| 005 | 20220329140708.0 | ||
| 008 | 971013s1963 r 00010 d | ||
| 010 | _a56173 | ||
| 011 | _a57145 | ||
| 035 | _a61298 | ||
| 040 | _cCHAP | ||
| 090 | _afolleto 3365 | ||
| 100 | 0 | 0 |
_aShilling, Charles Wesley. _9105692 |
| 245 | _aFactors associated with the citations of russian research by american bioscientists | ||
| 260 |
_aWashington : _bGeorge Washington University, _c1963 |
||
| 300 | _a(pág. var.) | ||
| 490 |
_aBiological Science Communication Projet _v; 15-63 |
||
| 590 |
_aBATCH-UPD _b10 _c20130110 _lUCH01 _h0054 |
||
| 590 |
_aBATCH-UPD _b10 _c20130110 _lUCH01 _h0740 |
||
| 590 |
_aBATCH-UPD _b10 _c20130410 _lUCH01 _h0422 |
||
| 590 |
_aBATCH-UPD _b10 _c20130914 _lUCH01 _h0631 |
||
| 590 |
_aCONVERSION _b10 _c20130109 _lUCH01 _h1330 |
||
| 650 | 1 | 4 |
_aBiología _xPublicaciones periódicas. _912799 |
| 650 | 1 | 4 |
_aInvestigación _xU.R.S.S. _960248 |
| 650 | 1 | 4 |
_aServicios de información. _9105330 |
| 700 | 0 |
_aBernard, Jessie. _911923 |
|
| 700 | 0 |
_aTyson, Joe W. _9115748 |
|
| 830 | 0 |
_aBiological Science Communication Projet _v; 15-63 _912758 |
|
| 901 | _aBK | ||
| 942 | _cFOLL | ||
| 949 |
_afolleto 3365 _bBC _cB _d-131725 _eB _i61298 _si |
||
| 999 |
_c56173 _d56173 |
||